000 01349nam a2200313 i 4500
003 EG-GICUC
005 20260121101237.0
008 251117s1989 ua ||||fr|||| 00| 0 ara d
020 _a9770408506
040 _a EG-GICUC
_bara
_c EG-GICUC
_d EG-GICUC
_erda
041 0 _hara
082 0 4 _221
_a345.042
_bم ح . ق
092 0 4 _221
099 _aLaw1 07 345.042 م ح . ق 1989
100 0 _aمحمد محمد بدران
_eمؤلف.
245 1 2 _aالقانون الانجليزي :
_bدراسة في تطوره التاريخي ومصادره القانونية، وانعكاساتها على التفرقة بين القانونين العام والخاص /
_cدكـتور محمد محمد بدران.
264 1 _aالقاهرة :
_bدار النهضة العربية ،
_c1989.
300 _a232 صفحة ؛
_c24 سم.
336 _2rda content
_atext
337 _2rda media
_aComputer
338 _2rda carrier
_aOnline Resource
504 _aيشتمل على إرجاعات ببليوجرافية
504 _a.ببليوجرافيا صفحات : (221-232)
546 _aالنص أغلبه باللغة العربية مع بعض النصوص الإنجليزية
650 1 _aالقانون الإداري
856 4 0 _uhttps://fll.law.cu.edu.eg/fulltext/bks/B07-00461.pdf
905 _a33
942 _2ddc
_cBK
_e21
_n0
999 _c44069
_d44069